000 00426cam a22001337a 4500
008 180718b1960 xxu||||| |||| 00| 0 eng d
082 _aA6X43 Sh65
100 _aShirer, William L.
245 _aRise and fall of the third reich: a history of Nazi Germany.
_cby William L. Shirer
260 _aLondon
_bSecker And Warburg
_c1960
300 _axii, 1245p
650 _aGermany -History -1933-1945.
650 _aNational socialism
999 _c410997
_d410997